Nicaragua
Guardat en:
| Autor principal: | |
|---|---|
| Format: | Text |
| Publicat: |
San Salvador:
FLACSO. Programa El Salvador
|
| Matèries: | |
| Etiquetes: |
Afegir etiqueta
Sense etiquetes, Sigues el primer a etiquetar aquest registre!
|
MARC
| LEADER | 00000 a a2200000 04500 | ||
|---|---|---|---|
| 001 | 27040 | ||
| 003 | |||
| 040 | |||
| 090 | |a 183320 | ||
| 100 | |a Ortega, Manuel | ||
| 245 | |a Nicaragua | ||
| 260 | |a San Salvador: |b FLACSO. Programa El Salvador | ||
| 300 | |a 231 p.; vol. 5 |b **no definido** | ||
| 650 | |a PARTICIPACION POLITICA | ||
| 650 | |a PODER DE LA COMUNIDAD | ||
| 650 | |a DESCENTRALIZACION | ||
| 650 | |a PARTICIPACION POLITICA | ||
| 650 | |a CABILDEO | ||
| 650 | |a DESCENTRALIZACION | ||
| 999 | |c 1605 |d 1605 | ||
